• 首页
  • 本馆介绍
  • 公告通知
  • 最新文献
  • 馆藏检索
  • 电子资源
  • 读者荐购
  • 参考咨询
  • CALIS
  • 我的图书馆
  • 登录
  • 详细信息显示
  • 放入我的书架
  • 预约/预借图书
  • 作者相关作品
  • 分类相关作品
  • 丛书相关作品
  • 出版社相关作品

书目信息

  • 表格格式
  • 工作单格式
  • 卡片格式
书名: Connected 24 Hours in The Global Economy
作者: Daniel Altman
分册号:
分册名:
出版地: New York
 
出版社: PAN BOOKS
出版时间: 2008
页数: 287p
开本: 20cm
丛书名:
中图分类号:
科图分类号:
其他分类号: F113
主题词:
电子资源:
 
 
 
 
 
000 00497nam0 2200181 450
001 052012176685
005 20121110162029.0
008 20021229d1997 em y0chiy0121 ea
020    @a978-0-330-45031-7@c£7.99
041    @aeng
091    @aF113
099    @dF113@eD1841
245 10 @aConnected 24 Hours in The Global Economy @cDaniel Altman
260    @aNew York@bPAN BOOKS@c2008
300    @a287p@c20cm
521    @aConnected 24 Hours in The Global Economy
905    @b10373
905    @aTSG@dF113@eD1841
    
    Connected 24 Hours in The Global Economy / Daniel Altman.-New York : PAN BOOKS , 2008
    287p ; 20cm
    Connected 24 Hours in The Global Economy
    
    ISBN 978-0-330-45031-7£7.99
    
●
相关链接 在E读中查询图书 在当当中查询图书 在豆瓣中查询图书


正题名:Connected 24 Hours in The Global Economy     索取号:F113/D1841         预约/预借

序号 登录号 条形码 馆藏地/架位号 状态 备注
河南城建学院图书馆 欢迎您!
大连网信软件有限公司© 版权所有